Ekonomické aspekty stárnutí populace ve vyspělých zemích
Pojem starnutie ako kľúčová otárka budúceho hospodárskeho vývoja. Možné riziká budúceho vývoja. Celkové ekonomické konsekvecie stárnutia. Vývoj počtu svetového obyvateľstva a jeho odhad do roku 2050. Populačná kríza v Českej republike.
Saved in:
| Main Author: | |
|---|---|
| Other Authors: | |
| Format: | Book Chapter |
| Language: | Czech |
| Subjects: | |
| Tags: |
No Tags, Be the first to tag this record!
|
MARC
| LEADER | 00000naa a2200000 4500 | ||
|---|---|---|---|
| 001 | 0150004 | ||
| 005 | 20231207120959.3 | ||
| 041 | 0 | |a cze | |
| 044 | |a CZ | ||
| 245 | 1 | 0 | |a Ekonomické aspekty stárnutí populace ve vyspělých zemích |c Luboš Smrčka, Markéta Arltová |
| 520 | |a Pojem starnutie ako kľúčová otárka budúceho hospodárskeho vývoja. Možné riziká budúceho vývoja. Celkové ekonomické konsekvecie stárnutia. Vývoj počtu svetového obyvateľstva a jeho odhad do roku 2050. Populačná kríza v Českej republike. | ||
| 610 | 2 | 0 | |a starnutie populácie |
| 610 | 2 | 0 | |a Česko |
| 610 | 2 | 0 | |a krajiny vyspelé |
| 610 | 2 | 0 | |a vývoj populačný |
| 610 | 2 | 0 | |a hospodárstvo svetové |
| 610 | 2 | 0 | |a vývoj hospodársky |
| 100 | 1 | |a Smrčka, Luboš | |
| 700 | 1 | |a Arltová, Markéta | |